000
00290nam a22001337a 4500
008
181001b xxu||||| |||| 00| 0 eng d
020
_a
0131868454
041
_a
eng
080
_2
3rd
_a
510
100
_a
37
101
_a
MAT
245
_a
Intermediate Algebra
_c
Martin,E
942
_2
udc
_c
BK
999
_c
48742
_d
48742